000 00614nam a22001577a 4500
003 OSt
005 20151118084047.0
008 151118b xxu||||| |||| 00| 0 eng d
040 _cRUA
082 _aFIS សុខ​​ 1993 B152 Or.1
100 _93824
_aសុខុ, វណ្ណា
245 _aវិភាគសេដ្ឋកិច្ចនៃចរាចរត្រីក្នុងទីផ្សារនៅតំបន់ទន្លេសាប(កំពង់ឆ្នាំង)និងភ្នំពេញ)
260 _aPhnom Penh
_bRUA
_c1993
300 _a100p.
_bill.
_c29cm.
942 _2ddc
_cFIS
999 _c3557
_d3557